| 000 | 00871cab a2200229 4500 | ||
|---|---|---|---|
| 001 | ABS48684 | ||
| 008 | 090401t1993 xxu||||| |||| 00| 0 eng d | ||
| 035 | _a(Sirsi) u68049 | ||
| 041 | _aeng | ||
| 100 | _aGraham, R. | ||
| 245 | _aOutsourcing and keeping control : the key legal issues | ||
| 260 | _c1993 | ||
| 350 | _a0 | ||
| 490 |
_aProperty Management _v11(2) Spring 1993, 141-145(5) |
||
| 520 | _aDiscusses the use of outsourcing; the contracting out of services such as security or information technology. Considers how to select a supplier, how to set up a service, how to use the situation to best advantage and how to end a contract. Includes a users checklist. | ||
| 650 |
_aFACILITIES MANAGEMENT _96240 |
||
| 650 | _aOFFICE MANAGEMENT | ||
| 650 | _aOUTSOURCING | ||
| 690 | _aOFFICE SERVICES AND ADMINISTRATION | ||
| 942 | _n0 | ||
| 948 | _c04/03/1997 | ||
| 999 |
_c42657 _d42657 |
||